000 00296nam a22001337a 4500
008 170821b xxu||||| |||| 00| 0 eng d
020 _a9780321233882
041 _aeng
080 _27 ED
_a51
100 _a37
101 _aMAT
245 _aELEMENTARY ALGEBRA
_cBITTINGER.E
942 _2udc
_cBK
999 _c24408
_d24408